Capitales des pays qui commencent par L - Statistiques

Statistiques générales
  • Ce quiz a été pris 181 fois
  • Le résultat moyen est 8 sur 9
Statistiques - réponses
L Pays Capitale % Correct
Luxembourg Luxembourg
97%
Liban Beyrouth
95%
Lettonie Riga
94%
Lituanie Vilnius
93%
Liechtenstein Vaduz
90%
Libye Tripoli
89%
Laos Vientiane
81%
Liberia Monrovia
64%
Lesotho Maseru
50%
Aucun quiz correspondant
Distribution des résultats
% des personnes avec chaque résultat
Percentile par nombre de réponses
Votre historique - résultats
Vous n’avez pas pris ce quiz